01249 2200193 4500001002100000005001500021035002000036245006000056100001600116250003100132300003200163260003400195082001100229084001700240020002200257650001700279520073700296500002201033INLIS00000000000008220240502014828 a0010-05240000041 aImran bin Hushain :bMenyerupai Malaikat /cFajar Dinar0 aFajar Dinar acetakan ke-1, edisi revisi avi, 58 hlm :bilus ;c25 cm aBandung :bTitian Ilmu,c2007 a297.63 a297.63 FAJ i a978-979-901-292-0 4aSahabat Nabi aImran bin Hushain bagaikan pelita yang tak pernah kehabisan minyak. Jika tengah melaksanakan ibadah, ia bagaikan ke dalam lipatan bumi yang sunyi. Dirinya seolah-olah dalam gumpalan cahaya kesucian Illahi Rabbi. Akibat kemantapan dan kezuhudannya, jiwanya bagaikan terbang menghadap Allah. Ia bagaikan malaikat yang hidup di lingkungan malaikat. Cara beribadah Imran bin Hushain kepada Allah SWT telah mencapai tingkat tinggi. Ketika beribadah, ia seperti mampu mematikan seluruh indranya. Ia telah mampu menembus dinding penutup yang memisahkan antara dunia dan akhirat. Baginya hidup hanya sebagian kecil dari tugas manusia di atas dunia fana ini. Oleh sebab itu, hatinya dihadapkan kepada ajaran agama dan kebesaran Allah SWT. aSeri Sahabat Nabi